Análisis de los programas económicos de Liberación Nacional y la Unidad Social-Cristiana /
En este artículo, realizado en "forma relativamente esquemática" -según sus autores-, se recogen las posiciones de los dos partidos mayoritarios en cuanto a: i-. esquema filosófico-ideológico, ii-. diagnóstico de la realidad, iii- objetivos fundamentales, iv-. acciones para las áreas princ...
Uloženo v:
| Hlavní autor: | |
|---|---|
| Další autoři: | |
| Médium: | Text |
| Témata: | |
| Tagy: |
Přidat tag
Žádné tagy, Buďte první, kdo vytvoří štítek k tomuto záznamu!
|
MARC
| LEADER | 00000 a a2200000 04500 | ||
|---|---|---|---|
| 001 | 9080 | ||
| 003 | |||
| 040 | |||
| 100 | |a Trejos S., Juan Diego | ||
| 245 | |a Análisis de los programas económicos de Liberación Nacional y la Unidad Social-Cristiana / |c Juan Diego Trejos S. ; Carlos Luis Pacheco | ||
| 520 | |a En este artículo, realizado en "forma relativamente esquemática" -según sus autores-, se recogen las posiciones de los dos partidos mayoritarios en cuanto a: i-. esquema filosófico-ideológico, ii-. diagnóstico de la realidad, iii- objetivos fundamentales, iv-. acciones para las áreas principales, y v-. limitaciones importantes de cada uno de los programas económicos. Algunos de los aspectos que destacan son: a-. por parte del Partido Unidad Social-Cristiana: control al gigantismo estatal, y garantías económicas y apego a la realidad |a y, b-. por parte del Partido Liberación Nacional: uso racional de los recursos, estabilización monetaria, relaciones internacionales, salarios, empleo y vivienda. MB/eb | ||
| 650 | |a PARTIDO LIBERACION NACIONAL, CR | ||
| 650 | |a PARTIDO UNIDAD SOCIAL |z -CRISTIANA, CR | ||
| 650 | |a PROGRAMAS GUBERNAMENTALES | ||
| 650 | |a PROGRAMAS DE TRABAJO | ||
| 650 | |a GOBIERNO | ||
| 650 | |a UTILIZACION DE LOS RECURSOS | ||
| 650 | |a DEMOCRATIZACION | ||
| 650 | |a ESTADO | ||
| 650 | |a POLITICA EXTERIOR | ||
| 650 | |a POLITICA ECONOMICA | ||
| 650 | |a POLITICA GUBERNAMENTAL | ||
| 700 | |a Pacheco, Carlos Luis | ||
| 773 | |g número 1; páginas 10-14 | ||
| 999 | |c 37001 |d 37001 | ||
